000 00916nam a2200229Ia 4500
999 _c39496
_d39496
001 6092
003 GE_BSU
005 20190923150045.0
008 181216s1970||||ge |||||||||||||| ||geo||
040 _cGE_BSU
041 _ageo
080 _a821.353.1-32 ა-87
100 _aასათიანი, მამია
_94148
245 _aმოთხრობები, ლეგენდები, ჩანაწერები /
_cმამია ასათიანი ; რედ. შ. მირცხულავა.
264 _aთბილისი :
_bსაბჭოთა საქართველო ;
_c1975.
300 _a526 გვ. ;
_c20 სმ.
653 _aმოთხრობები
653 _aლეგენდები
653 _aჩანაწერები
700 _aმირცხულავა, შ.
_eრედაქტორი
_91659
942 _cBK
_2udc